000 00991nam a2200277Ia 4500
003 OSt
005 20221005113117.0
006 a|||||r|||| 00| 0
007 ta
008 221004b |||||||| |||| 00| 0 pan d
020 _a81876540000
_c290
024 _a80624
037 _b621, 07/03/2012, H.K. Prakashan
_cTextual
040 _aCRL
_cCRL
_bpan
041 _2pan
_apan
082 _aO153,6:g, Q2
100 _aਥਾਪਰ, ਪ੍ਰਿਥਵੀ ਰਾਜ, ਥਦ।
245 0 _aਪੰਜਾਬੀ ਵਾਰਤਕ
_b ਪੁਨਰ ਵਿਚਾਰ
260 _aਦਿੱਲੀ
_bਮਨਪ੍ਰੀਤ ਪ੍ਰਕਾਨ ਭਾਰਤ
_c2012
300 _a144ਪੰ
_ccm.
650 _a ਲੇਖ
650 _a ਵਾਰਤਕ ਪੰਜਾਬੀ
650 _aਪੰਜਾਬੀ ਸਾਹਿਤ
942 _hO153,6:g, Q2
_cTEXL
_2cc
999 _c1027083
_d1027083